| 000 | 00857nam a22002537a 4500 | ||
|---|---|---|---|
| 003 | OSt | ||
| 005 | 20170704143908.0 | ||
| 008 | 170614s2015 ua fr 000 0dara d | ||
| 017 | _a2015 / 14002 | ||
| 020 | _a9789774279997 | ||
| 040 |
_aEG-ScBUE _bara _cEG-ScBUE |
||
| 043 | _af-ua--- | ||
| 082 | 0 | 4 |
_222 _a320.62 _bب ك ر |
| 100 | 1 | _aبكري، مصطفى. | |
| 245 | 1 | 0 |
_aالسيسي : _bالطريق إلى بناء الدولة / _cمصطفى بكري. |
| 250 | _aط. 1. | ||
| 260 |
_aالقاهرة : _bالدار المصرية اللبنانية، _c2015. |
||
| 300 |
_a223 ص. ؛ _c21 سم. |
||
| 541 | _aإهداء من المستشار مدحت أبو الفضل. | ||
| 590 | _aسارة | ||
| 651 | 7 |
_2BUEsh _aمصر _xسياسة وحكومة _yعبد الفتاح السيسي، 2014- |
|
| 653 |
_bBUSBOL _cJune2017 |
||
| 942 | _2ddc | ||
| 999 |
_c24898 _d24870 |
||